Top ten most common species of United Kingdom garden birds - Statistics

General Stats
  • This quiz has been taken 12 times
  • The average score is 6 of 10
Answer Stats
Number Answer % Correct
2. Blue Tit
90%
7. Great Tit
80%
6. Robin
80%
9. Magpie
70%
3. Woodpigeon
70%
5. Blackbird
60%
1. House Sparrow
60%
4. Starling
60%
10. Long-tailed Tit
30%
8. Goldfinch
20%
No matching quizzes found
Score Distribution
Percent of People with Each Score
Percentile by Number Answered
Your Score History
You have not taken this quiz